| 000 | 00568nam a2200181Ia 4500 | ||
|---|---|---|---|
| 008 | 140609s9999 xx 000 0 und d | ||
| 020 | _a9789711202705 | ||
| 050 |
_aRC 270.3.H56 _b.G861 2006 |
||
| 100 | _aGregorios, Jocelyn H. Bruce- | ||
| 245 |
_aHistopathologic techniques / _cJocelyn H. Bruce-Gregorios |
||
| 250 | _a2nd ed. | ||
| 260 |
_aQuezon City, Philippines : _bGoodwill Trading, _cc2006. |
||
| 300 |
_a356 p. : _bill. (some col.) ; _c25 cm. |
||
| 500 | _aIncludes bibliographical references. | ||
| 521 | _aNUR | ||
| 942 |
_kLOC _cBK |
||
| 999 |
_c118033 _d118033 |
||